000 00586nam a22001817a 4500
005 20231113133809.0
008 231113b |||||||| |||| 00| 0 eng d
020 _a9780409127119 ; 9780409127904
041 _aEnglish
082 _a345.3 VAN
100 _aVan der Walt, JC and Midgley, JR
_lEnglish
245 _aPrinciples of Delict /
_cJC Van der Walt and JR Midgley
250 _aFourth Edition
260 _aDurban :
_bLexisNexis Butterworths,
_c2016
300 _bxv, 402 pages ;
_c25 cm.
650 _aLegal practice
_bLaw
942 _cBK
_6ALISON_BN_VRIES
999 _c576
_d576